Statistics for 10 Biggest Cities in Order: United Kingdom

Click here to take the quiz!

General Stats

  • This quiz has been taken 204 times
  • The average score is 7 of 10

Answer Stats

# Answer % Correct
1London
100%
2Birmingham
96%
3Manchester
95%
4Glasgow
80%
7Liverpool
64%
8Leeds
60%
5Newcastle
55%
6Sheffield
54%
9Bristol
44%
10Belfast
34%

Score Distribution

Percentile by Number Answered

Percent of People with Each Score

Your Score History

You have not taken this quiz